| 000 | 00752nas a2200241 4500 | ||
|---|---|---|---|
| 001 | BR9508556 | ||
| 003 | BR-BrBNA | ||
| 005 | 20231205095501.0 | ||
| 007 | ta | ||
| 008 | 230509b bl.|||p| |||| 00| 00por d | ||
| 040 |
_aBR-BrBNA _bpor _cBiblioteca Nacional de Agricultura |
||
| 041 | _a(Pt) | ||
| 072 | _aF03 | ||
| 100 | 1 | _aMaraschin, M. | |
| 100 | 1 | _aKoller, O.C. | |
| 245 | 1 | _aEfeito do acido giberelico sobre a germinacao de sementes de abacateiro (Persea nubigena Williams var. guatemalensis) | |
| 650 | _aAbacate | ||
| 650 | _aSemente | ||
| 650 | _aGerminacao | ||
| 773 | 0 |
_tAgronomia Sulriograndense (Brazil) _xISSN 0400-8111 _g(1990), v. 26(2) p. 229-236 _wBR9508556 |
|
| 909 |
_a202311 _bLúcia _c55 _dLúcia Elande |
||
| 942 |
_2AGRIS _n0 _cANA |
||
| 999 |
_c150965 _d150965 |
||